00770nam a2200217 a 4500003000900000005001700009007000300026008004100029020001800070040002500088082001400113100004600127245008000173246005300253260003800306300001900344500007100363650002300434650005900457650003600516DO-SdBNP20220321112934.0ta210709e2018 dr ||||gr|||| 001 p spa d a9789945609639 aDO-SdBNPbspacBNPHU 4bG993c2221 aGuzmán Santana , Juan Franciscod1984 -10a50 poemas y frases de amor para la mujer /cJuan Francisco Guzmán Santana aCincuenta poemas y frases de amor para la mujer  aSanto Domingo :bSantuario,c2018 a61 p. ;c23 cm aIncluye datos biográficos del autor en la solapa de la cubierta. 4aPoemas Dominicanos 4aLiteratura Dominicana xPoesía amorosa dominicana 4aPoesíaxLiteratura dominicana